000 04183nam0a2200493 4500
001 RU\NLR\BIBL_A\012932743
005 20231009114228.0
021 _aRU
_bКН-П-22-062794
_9КН-П-22-5440
029 1 0 _aRU
_b59115.16-2021
_cГОСТ Р
035 _a(NLR Aleph) 012932743
035 _a(RuMoRGB)011209627
090 _a12679762
_c12679762
100 _a20221108d2022 k y0rusy50 ca
101 0 _arus
102 _aRU
105 _aa l 000|y
181 1 _ai
_b e
182 1 _an
200 1 _aОбоснование прочности оборудования и трубопроводов атомных энергетических установок
_iРасчет на прочность разъемных соединений
_dRules for strengt assessment of equipment and pipelines of nuclear power installations.Strength analysis of flanged joints
_zeng
_eГОСТ Р 59115.16-2021
_fразработан Ордена Ленина Научно-исследовательским и конструкторским институтом энерготехники имени Н.А.Доллежаля (АО "НИКИЭТ")
_eвведен впервые
203 _aТекст
_bвизуальный
_cнепосредственный
205 _aИзд. офиц.
210 _aМосква
_cРоссийский институт стандартизации
_d2022
215 _aIV, 15 с.
_cил.
_d29
225 1 _aНациональный стандарт Российской Федерации
_fФедеральное агентство по техническому регулированию и метрологии
239 _aВвед. 01.01.2022
311 _aПереиздание. Апрель 2023 г. (КН-П-23-037569)
320 _aБиблиогр.: с. 15 (1 назв.)
330 _aНастоящий стандарт устанавливает требования к расчету на прочность разъемных соединений оборудования и трубопроводов атомных энергетических установок, работающих под внутренним избыточным давлением, на которые распространяется федеральных норм и правил в области использования атомной энергии. Настоящий стандарт распространяется на следующие типы разъемных соединений: фланцевое соединение с плоской или профильной прокладкой ; фланцевое соединение с клиновой прокладкой
510 1 _aRules for strengt assessment of equipment and pipelines of nuclear power installations
_zeng
510 1 _aStrength analysis of flanged joints
_zeng
517 1 _aГОСТ Р 59115.16-2021
606 1 _aЯдерные силовые установки
_xСоединения разъемные
_xРасчет на прочность
_92537101
_3RU\NLR\AUTH\6601715927
606 1 _aЯдерные силовые установки
_jСтандарты
_xОборудование
_xРасчет на прочность
_92536913
_3RU\NLR\AUTH\6601715822
606 1 _aЯдерные силовые установки
_jСтандарты
_xТрубопроводы
_xРасчет на прочность
_92536903
_3RU\NLR\AUTH\6601715817
675 _a621.039.53(083.74)
_v4
686 _a31.46-03я86
_v2000
_2rubbks
686 1 _aЗ47-5-028.4я861
712 0 1 _4725
_aРоссийская Федерация
_bФедеральное агентство по техническому регулированию и метрологии
_9630205
_3RU\NLR\AUTH\8810064304
712 0 2 _4900
_aНаучно-исследовательский и конструкторский институт энерготехники им. Н. А. Доллежаля
_cМосква
_9372938
_3RU\NLR\AUTH\889939027
942 _cBOOK
980 _aNB